000
00285nam a22001097a 4500
082
_a
621 MUD'E
100
_a
MUDGE, I. W,ROMNEY, G. C
_9
57246
245
_a
ENGINEERING SCENCE FOR MECHANICAL ENGINEERING TECHNICIANS PART-I
250
_a
V-1
260
_a
LONDON
_b
EUP
_c
1963
942
_c
BK
999
_c
567537
_d
567537